Odolnosť kovových prútov namáhaných interakciou vnútorných síl
Salvato in:
| Autore principale: | |
|---|---|
| Altri autori: | |
| Natura: | Manoscritto Libro |
| Lingua: | slovacco |
| Pubblicazione: |
2020
|
| Soggetti: | |
| Accesso online: | http://is.stuba.sk/zp/portal_zp.pl?podrobnosti=127979 |
| Tags: |
Nessun Tag, puoi essere il primo ad aggiungerne!!
|
MARC
| LEADER | 00000ntm a22000003a 4500 | ||
|---|---|---|---|
| 001 | stuzp54654 | ||
| 003 | SK-STU | ||
| 005 | 20201219210233.3 | ||
| 007 | ta | ||
| 008 | 150427s2015----xo-----f-mn---000-0-slo-d | ||
| 040 | |a STU |b slo | ||
| 041 | 0 | |a slo | |
| 100 | 1 | |a Niko, Igor |u 010190 |4 aut |U SvF Stavebná fakulta |T SvF Katedra kovových a drevených konštrukcií |X 7283 |U V190 |Y 21 |7 A000007283 | |
| 242 | 0 | 1 | |a Resistance of steel members loaded by combination of internal forces |y eng |
| 245 | 1 | 0 | |a Odolnosť kovových prútov namáhaných interakciou vnútorných síl |
| 260 | |c 2020 | ||
| 650 | 4 | |a interakcia vnútornych síl |2 slo | |
| 650 | 4 | |a dvoj-osový ohyb a tlak |2 slo | |
| 650 | 4 | |a stabilita prútov |2 slo | |
| 650 | 4 | |a member stability |2 eng | |
| 650 | 4 | |a interaction of internal forces |2 eng | |
| 650 | 4 | |a biaxial bending and compression force |2 eng | |
| 700 | 1 | |a Štujberová, Magdaléna |u 010190 |k Z1 |4 ths |U SvF Stavebná fakulta |T SvF Katedra kovových a drevených konštrukcií |X 867 |U V190 |Y 21 |7 A000000867 | |
| 856 | 4 | |u http://is.stuba.sk/zp/portal_zp.pl?podrobnosti=127979 | |